| 000 | 00638nam a2200205 a 4500 | ||
|---|---|---|---|
| 005 | 20240919064420.0 | ||
| 008 | 991125s1978 mad 000 0 spa u | ||
| 020 | _a840316068 | ||
| 035 | _aUPN01000016935 | ||
| 049 | _aCG | ||
| 050 | 4 |
_aHF1411 _bK5.38 1978 |
|
| 100 | 1 |
_aKindleberger, Charles Poor, _d1910- |
|
| 245 | 1 | 0 |
_aEconomía internacional / _cCharles P. Kindleberger ; tr. por Jesús de Cenzano y Losa. |
| 250 | _a7a ed. | ||
| 260 |
_aMadrid : _bAguilar, _c1978. |
||
| 300 | _a608 p. | ||
| 440 | 0 |
_aBiblioteca de ciencias sociales. _pSección primera. _pEconomía |
|
| 650 | 4 |
_aEconomía internacional _914629 |
|
| 905 | _aLibro | ||
| 999 |
_c16935 _d16935 |
||